Score 0/30 Timer 04:00
0 Plays Today
Scrambles Cars % Correct
ABASSAAB
96.1%
UDIAAUDI
91.1%
ULXESLEXUS
89.5%
AUGJARJAGUAR
89%
TIFAFIAT
88.4%
AOTTYOTOYOTA
88.1%
CIBUKBUICK
84.7%
ZAMADMAZDA
81.6%
KUZUISSUZUKI
79.8%
DOHANHONDA
79.6%
AUBURSSUBARU
77.2%
SANSINNISSAN
72.7%
FIREARRFERRARI
62.9%
HIDAUNYHYUNDAI
59.9%
POLEOPEL
51.8%
Scrambles Cars % Correct
HEURMMHUMMER
51.2%
CLIDCALACADILLAC
44.8%
UCAARACURA
43.9%
DOWEOADAEWOO
35.9%
RUSTANSATURN
31.7%
CHOPERSPORSCHE
30.7%
CRUMYERMERCURY
27.3%
SLATETESLA
23.9%
GOUTEEPPEUGEOT
22.5%
DOHELNHOLDEN
19.9%
EEBLYNTBENTLEY
17.7%
LEARUNTRENAULT
17.2%
COPAINTPONTIAC
14.8%
TAIRMSEAMASERATI
12.1%
CORTNIECITROËN
4%
Remove Ads.
Support Sporcle.
Get the best of Sporcle when you Go Orange. This ad-free experience offers more features, more stats, and more fun while also helping to support Sporcle. Thank you for becoming a member.

You're not logged in!

Compare scores with friends on all Sporcle quizzes.
OR
Log In

Show Comments

Extras

Top Quizzes Today


Score Distribution

Your Account Isn't Verified!

In order to create a playlist on Sporcle, you need to verify the email address you used during registration. Go to your Sporcle Settings to finish the process.

Report this User

Report this user for behavior that violates our Community Guidelines.

Details: